Commentaire, controverse et discours / (Record no. 106050)

MARC details
000 -LEADER
campo de control de longitud fija 00756nam a2200241 i 4500
001 - NÚMERO DE CONTROL
campo de control 106050
003 - IDENTIFICADOR DE NÚMERO DE CONTROL
campo de control ES-MaACL
005 - FECHA Y HORA DE LA ÚLTIMA TRANSACCIÓN
campo de control 20251015063112.0
007 - CAMPO FIJO DE DESCRIPCIÓN FÍSICA--INFORMACIÓN GENERAL
campo de control de longitud fija t|
008 - DATOS DE LONGITUD FIJA--INFORMACIÓN GENERAL
campo de control de longitud fija 060922s1968 fr ||||1| fre d
080 ## - NÚMERO DE LA CLASIFICACIÓN DECIMAL UNIVERSAL
Número de la Clasificación Decimal Universal 32 Jaurès, Jean
100 1# - ENTRADA PRINCIPAL--NOMBRE DE PERSONA
Nombre de persona Jaurès, Jean,
Fechas asociadas al nombre 1859-1914
9 (RLIN) 66196
245 10 - MENCIÓN DEL TÍTULO
Título Commentaire, controverse et discours /
Mención de responsabilidad, etc. Jean Jaurès.
260 ## - PUBLICACIÓN, DISTRIBUCIÓN, ETC.
Lugar de publicación, distribución, etc. Paris :
Nombre del editor, distribuidor, etc. René Lefeuvre,
Fecha de publicación, distribución, etc. 1968.
300 ## - DESCRIPCIÓN FÍSICA
Extensión 1 v. (pag. var.) ;
Dimensiones 19 cm.
490 1# - MENCIÓN DE SERIE
Mención de serie Spartacus. 2e. série ;
Designación de volumen o secuencia 16
500 ## - NOTA GENERAL
Nota general Biblioteca Juan Andrade.
600 14 - PUNTO DE ACCESO ADICIONAL DE MATERIA--NOMBRE DE PERSONA
Nombre de persona Jaurès, Jean,
Fechas asociadas al nombre 1859-1914
9 (RLIN) 66196
650 17 - PUNTO DE ACCESO ADICIONAL DE MATERIA--TÉRMINO DE MATERIA
Término de materia o nombre geográfico como elemento de entrada Socialismo
Fuente del encabezamiento o término embne
9 (RLIN) 17147
830 0# - PUNTO DE ACCESO ADICIONAL DE SERIE-TÍTULO UNIFORME
Título uniforme Spartacus. 2e. série ;
Designación de volumen o secuencia 16
9 (RLIN) 185113
852 ## - LOCALIZACIÓN
Ubicación ES-MaACL
Número de control de estantería AND-716
Sublocalización o colección R.110012
Holdings
Estatus retirado Estado de pérdida Estado de daño No para préstamo Biblioteca de origen Biblioteca actual Ubicación en estantería Fecha de adquisición Fuente de adquisición Total de préstamos Signatura topográfica completa Código de barras Visto por última vez Precio de reemplazo Tipo de ítem Koha
        Biblioteca del Ateneo de Madrid Biblioteca del Ateneo de Madrid Depósito 2 17/01/2008     AND-716 1110712 23/02/2023 23/02/2023 Libro impreso